00399nam a2200145Ia 450000500170000000800410001702000150005805000240007310000190009724500590011626000300017530000330020552100070023852600080024520140405092521.0140130s9999 xx 000 0 und d a059010294x aPZ 8.1b.Aa213 1975 aAardema, Verna cVerna Aardema.aWhy mosquitoes buzz in people's ears / bScholastic,aUSA :c1975. a28 p. :bcol. ill. ;c21 cm. aG5 c770